F1 2021 drivers names from abreiviations - Statistics

General Stats
  • This quiz has been taken 94 times
  • The average score is 11 of 15
Answer Stats
Hint Answer % Correct
BOT Bottas
100%
LEC Leclerc
91%
HAM Hamilton
90%
NOR Norris
89%
PER Perez
88%
LAT Latifi
85%
VET Vettel
83%
RIC Ricciardo
81%
VER Verstappen
81%
SAI Sainz
80%
STR Stroll
78%
RUS Rusell
54%
GIO Giovinazi
49%
RAI Raikonen
49%
MAZ Mazapin
16%
No matching quizzes found
Score Distribution
Percent of People with Each Score
Percentile by Number Answered
Your Score History
You have not taken this quiz